| 000 | 00632cam a2200193 4500 | ||
|---|---|---|---|
| 001 | X104086 | ||
| 008 | 000000n2000 000 0 eng u | ||
| 035 | _a(Sirsi) u104086 | ||
| 245 | _aUnigate (UK) Ltd v Turner | ||
| 260 | _c2000 | ||
| 490 |
_aNew Property Cases _v[2000] 9 NPC (29/01/2000) |
||
| 520 | _aCa 28 January 2000. Duty of care. Murphy v Brentwood considered yet again. (HEADNOTE FROM JOURNAL) NOT TO BE PHOTOCOPIED. | ||
| 650 | _aUNIGATE (UK) LTD V TURNER | ||
| 650 | _aMURPHY V BRENTWOOD | ||
| 650 | _aNEGLIGENCE | ||
| 650 | _aDUTY OF CARE | ||
| 690 | _aPROFESSIONAL PRACTICE-CASE LAW-NEGLIGENCE | ||
| 942 | _n0 | ||
| 999 |
_c62462 _d62462 |
||